000 00430 a2200157 4500
003 NUST
005 20230221183103.0
040 _cNust
082 _a297.3,ELA
100 _aElahi, Prof Dr. Fazl
_9109398
245 _aBechoon ka Ehtisaab / بچوں کا احتساب (Urdu) /
_cProf Dr. Fazl Elahi
260 _aLahore
_bmaktaba Qudsia
300 _a176 p.
650 _aislam and Manners
_9109399
942 _2ddc
_cBK
_k297.3,ELA
999 _c187889
_d187889